Action research made easy : (Record no. 4817)
[ view plain ]
| 000 -LEADER | |
|---|---|
| fixed length control field | 00941nam a22002777i 4500 |
| 003 - CONTROL NUMBER IDENTIFIER | |
| control field | URS |
| 005 - DATE AND TIME OF LATEST TRANSACTION | |
| control field | 20251001091328.0 |
| 008 - FIXED-LENGTH DATA ELEMENTS--GENERAL INFORMATION | |
| fixed length control field | 190208s2014 ph ||||| |||| 00| 0 eng d |
| 020 ## - INTERNATIONAL STANDARD BOOK NUMBER | |
| International Standard Book Number | 9716857788 |
| 040 ## - CATALOGING SOURCE | |
| Language of cataloging | eng |
| Description conventions | rda |
| Transcribing agency | URS |
| 050 14 - LIBRARY OF CONGRESS CALL NUMBER | |
| Classification number | LB 1028.24 |
| Item number | .Ac851 2014 |
| 100 ## - MAIN ENTRY--PERSONAL NAME | |
| Personal name | Bondoc, Victoriana P. |
| 245 10 - TITLE STATEMENT | |
| Title | Action research made easy : |
| Remainder of title | a practical guide to the preparation of action research in education / |
| Statement of responsibility, etc. | Victoriana P. Bondoc |
| 264 #1 - PRODUCTION, PUBLICATION, DISTRIBUTION, MANUFACTURE, AND COPYRIGHT NOTICE | |
| Place of production, publication, distribution, manufacture | Quezon City, Philippines : |
| Name of producer, publisher, distributor, manufacturer | Lorimar Publishing , |
| Date of production, publication, distribution, manufacture, or copyright notice | [2014] |
| 264 #1 - PRODUCTION, PUBLICATION, DISTRIBUTION, MANUFACTURE, AND COPYRIGHT NOTICE | |
| Date of production, publication, distribution, manufacture, or copyright notice | [2014] |
| 264 #4 - PRODUCTION, PUBLICATION, DISTRIBUTION, MANUFACTURE, AND COPYRIGHT NOTICE | |
| Date of production, publication, distribution, manufacture, or copyright notice | ©2014 |
| 300 ## - PHYSICAL DESCRIPTION | |
| Extent | x, 97 pages ; |
| Dimensions | 28 cm |
| 336 ## - CONTENT TYPE | |
| Content type term | text |
| Content type code | txt |
| Source | rdacontent |
| 337 ## - MEDIA TYPE | |
| Media type term | unmediated |
| Media type code | n |
| Source | rdamedia |
| 338 ## - CARRIER TYPE | |
| Carrier type term | volume |
| Carrier type code | nc |
| Source | rdacarrier |
| 504 ## - BIBLIOGRAPHY, ETC. NOTE | |
| Bibliography, etc. note | Includes bibliography. |
| 524 ## - PREFERRED CITATION OF DESCRIBED MATERIALS NOTE | |
| Preferred citation of described materials note | Bondoc, V. P. et al (2014) Action research made easy. Quezon City, Philippines: Lorimar publishing. |
| 526 ## - STUDY PROGRAM INFORMATION NOTE | |
| Program name | BEED |
| 650 #0 - SUBJECT ADDED ENTRY--TOPICAL TERM | |
| Topical term or geographic name entry element | Action reseach in Education. |
| 942 ## - ADDED ENTRY ELEMENTS (KOHA) | |
| Source of classification or shelving scheme | Library of Congress Classification |
| Koha item type | Filipiniana |
| Withdrawn status | Source of classification or shelving scheme | Damaged status | Not for loan | Collection code | Home library | Current library | Shelving location | Date acquired | Source of acquisition | Total Checkouts | Full call number | Barcode | Date last seen | Price effective from | Koha item type | Cost, normal purchase price | Copy number |
|---|---|---|---|---|---|---|---|---|---|---|---|---|---|---|---|---|---|
| Library of Congress Classification | Non-fiction | Antipolo College Library | Antipolo College Library | On Display | 02/08/2019 | Library Fund | LB 1028 .Ac851 2014 | URSANT-05051 | 02/08/2019 | 02/08/2019 | Filipiniana | ||||||
| Library of Congress Classification | Non-fiction | Antipolo College Library | Antipolo College Library | On Display | 02/08/2019 | Library Fund | LB 1028 .Ac851 2014 | URSANT-05052 | 02/08/2019 | 02/08/2019 | Filipiniana | ||||||
| Library of Congress Classification | Non-fiction | Antipolo College Library | Antipolo College Library | On Display | 02/08/2019 | Library Fund | LB 1028 .Ac851 2014 | URSANT-05053 | 02/08/2019 | 02/08/2019 | Filipiniana | ||||||
| Library of Congress Classification | Non-fiction | Pililla College Library | Pililla College Library | General Stacks | 02/22/2016 | purchased | 001.42 Ac8 2014 | URSPIL-5365 | 05/31/2019 | 02/22/2016 | Filipiniana | 1 | |||||
| Library of Congress Classification | Non-fiction | Pililla College Library | Pililla College Library | General Stacks | 02/22/2016 | purchased | 001.42 Ac8 2014 | URSPIL-5366. | 05/31/2019 | 02/22/2016 | Filipiniana | 2 | |||||
| Library of Congress Classification | Non-fiction | Pililla College Library | Pililla College Library | General Stacks | 02/22/2016 | purchased | 001.42 Ac8 2014 | URSPIL-5367. | 05/31/2019 | 02/22/2016 | Filipiniana | 3 | |||||
| Library of Congress Classification | Non-fiction | Pililla College Library | Pililla College Library | General Stacks | 02/22/2016 | purchased | 001.42 Ac8 2014 | URSPIL-5368. | 05/31/2019 | 02/22/2016 | Filipiniana | 4 | |||||
| Library of Congress Classification | Non-fiction | Pililla College Library | Pililla College Library | General Stacks | 02/22/2016 | purchased | 001.42 Ac8 2014 | URSPIL-5369. | 05/31/2019 | 02/22/2016 | Filipiniana | 5 | |||||
| Library of Congress Classification | Non-fiction | Tanay College Library | Tanay College Library | Reserve Section | 11/26/2015 | Purchase | LB1028.24 .Ac853 2014 | URSTAN-N1867 | 11/26/2015 | 03/10/2016 | Filipiniana | 180.00 | |||||
| Library of Congress Classification | Non-fiction | Tanay College Library | Tanay College Library | Reserve Section | 11/26/2015 | Purchase | LB1028.24 .Ac853 2014 | URSTAN-N1868 | 12/06/2018 | 03/10/2016 | Filipiniana | 180.00 |